सिविल प्रक्रिया संहिता,1908 / (Record no. 111809)

MARC details
000 -LEADER
fixed length control field 01167nam a22002657a 4500
005 - DATE AND TIME OF LATEST TRANSACTION
control field 20170124102929.0
010 ## - LIBRARY OF CONGRESS CONTROL NUMBER
LC control number B-077353
020 ## - INTERNATIONAL STANDARD BOOK NUMBER
Terms of availability 170.00
035 ## - SYSTEM CONTROL NUMBER
System control number B-077353
037 ## - SOURCE OF ACQUISITION
Source of stock number/acquisition Cen Lib/Ret
040 ## - CATALOGING SOURCE
Original cataloging agency DPL
Language of cataloging HN
082 ## - DEWEY DECIMAL CLASSIFICATION NUMBER
Classification number 347.5405
Item number श्रीवास्तव
100 ## - MAIN ENTRY--PERSONAL NAME
Personal name श्रीवास्तव, मृदुल
9 (RLIN) 44620
245 ## - TITLE STATEMENT
Title सिविल प्रक्रिया संहिता,1908 /
Statement of responsibility, etc मृदुल श्रीवास्तव [एवं] कैलाश चन्द्र शर्मा
246 ## - VARYING FORM OF TITLE
Title proper/short title Civil prakriya sanhita,1908
Remainder of title by Mridul Shreevastava [and] kailash Chandra Sharma
260 ## - PUBLICATION, DISTRIBUTION, ETC. (IMPRINT)
Place of publication, distribution, etc जयपुर
Name of publisher, distributor, etc कमल बुक कंपनी
Date of publication, distribution, etc 2002
270 ## - ADDRESS
City जयपुर
Address चौड़ा रास्ता
300 ## - PHYSICAL DESCRIPTION
Extent 327पृ.
Dimensions 23सेमी(अजिल्द)
650 ## - SUBJECT ADDED ENTRY--TOPICAL TERM
Topical term or geographic name as entry element कानून
9 (RLIN) 102
650 ## - SUBJECT ADDED ENTRY--TOPICAL TERM
Topical term or geographic name as entry element सिविल सरविस
9 (RLIN) 44621
650 ## - SUBJECT ADDED ENTRY--TOPICAL TERM
Topical term or geographic name as entry element Law
9 (RLIN) 104
650 ## - SUBJECT ADDED ENTRY--TOPICAL TERM
Topical term or geographic name as entry element Civil service
9 (RLIN) 44622
700 ## - ADDED ENTRY--PERSONAL NAME
Personal name शर्मा, कैलाश चन्द्र
9 (RLIN) 42260
942 ## - ADDED ENTRY ELEMENTS (KOHA)
Source of classification or shelving scheme Dewey Decimal Classification
Koha item type Hindi Books
Classification part 347.5405
Call number suffix श्रीवास्तव
Holdings
Withdrawn status Lost status Damaged status Not for loan Collection code Home library Current library Date acquired Source of acquisition Cost, normal purchase price Total Checkouts Full call number Barcode Date last seen Copy number Cost, replacement price Price effective from Koha item type
      Not For Loan Reference Central Library Central Library 05/08/2015 Cen Lib/Ret 170.00   347.5405 श्रीवास्तव B-077353 05/08/2015 1 170.00 05/08/2015 Hindi Books

© Delhi Public Library
Hit Counter
free hit counter